NetWare programmer's guide /

Salvato in:
Dettagli Bibliografici
Autore principale: McCann, John T (Autore)
Natura: Libro
Lingua:inglese
Pubblicazione: New York : Prentice Hall, 1990
Soggetti:
Tags: Aggiungi Tag
Nessun Tag, puoi essere il primo ad aggiungerne!!

MARC

LEADER 00000nam a22000003a 4500
001 stu2965
005 20150617225617.2
008 930122s1990----xxu-----------------eng-d
020 |a 0-13-617275-X 
040 |a STU  |b slo 
041 0 |a eng 
044 |a xxu 
080 |a 681.324.06 
080 |a NetWare 
080 |a 519.68 
100 1 |a McCann, John T  |4 aut 
245 1 |a NetWare programmer's guide /  |c [aut.] McCann,John T 
260 |a New York :  |b Prentice Hall,  |c 1990 
300 |a 424 s 
650 7 |a programovanie  |2 stusub 
650 7 |a programové systémy  |2 stusub 
650 7 |a počítačové siete  |2 stusub 
650 7 |a počítačové programy  |2 stusub 
650 7 |a sieťové programové systémy  |2 stusub 
996 |c I*20PS4731  |l I  |s A  |a 24  |w stu2965_0001